[Event "Vugar Gashimov Mem B 2014"]
[Site "Shamkir AZE"]
[Date "2014.04.20"]
[Round "1.1"]
[White "Wojtaszek, Radoslaw"]
[Black "Durarbayli, Vasif"]
[Result "1/2-1/2"]
[WhiteTitle "GM"]
[BlackTitle "GM"]
[WhiteElo "2716"]
[BlackElo "2584"]
[WhiteFideId "1118358"]
[BlackFideId "13402935"]
[EventDate "2014.03.20"]

1. d4 Nf6 2. c4 g6 3. Nc3 d5 4. Nf3 Bg7 5. Qb3 dxc4 6. Qxc4 O-O 7. e4 a6 8. Be2
b5 9. Qb3 c5 10. dxc5 Bb7 11. e5 Nfd7 12. Be3 Nxe5 13. Nxe5 Bxe5 14. Rd1 Qc7 15.
Nd5 Bxd5 16. Qxd5 Nc6 17. Bf3 Rac8 18. Qxc6 Qxc6 19. Bxc6 Rxc6 20. Rd2 f5 21. f4
Bf6 22. Ke2 Kf7 23. Rc1 Rfc8 24. Kf3 a5 25. Rcc2 Ke8 26. Rd3 Rd8 27. Rb3 Rb8 28.
Ra3 a4 29. b3 Ra8 30. bxa4 b4 31. Rb3 Rxa4 32. Rc4 Rxa2 33. Rcxb4 Rc2 34. Rb6
R6xc5 35. Bxc5 Rxc5 36. Rd3 Kf7 37. Rb8 Rc2 38. Rbd8 h5 39. Rd2 Rc3+ 40. R8d3
Rc4 41. g3 Ra4 42. Re2 Rc4 43. Red2 1/2-1/2

[Event "Vugar Gashimov Mem B 2014"]
[Site "Shamkir AZE"]
[Date "2014.04.20"]
[Round "1.2"]
[White "Eljanov, Pavel"]
[Black "Mamedov, Rauf"]
[Result "1/2-1/2"]
[WhiteTitle "GM"]
[BlackTitle "GM"]
[WhiteElo "2732"]
[BlackElo "2660"]
[WhiteFideId "14102951"]
[BlackFideId "13401653"]
[EventDate "2014.03.20"]

1. d4 Nf6 2. c4 e5 3. dxe5 Ng4 4. Bf4 g5 5. Bd2 Nxe5 6. Nf3 Nbc6 7. Nxe5 Nxe5 8.
Bc3 Qe7 9. e3 Bg7 10. Be2 O-O 11. O-O d6 12. Kh1 g4 13. f4 gxf3 14. gxf3 Bd7 15.
Rg1 Bc6 16. b4 b6 17. a4 f5 18. a5 bxa5 19. Rxa5 Kh8 20. c5 Ng4 21. Qe1 Rg8 22.
Ra3 dxc5 23. b5 Bb7 24. Rg2 Ne5 25. Nd2 Ng6 26. Qa1 Bd5 27. Bc4 Bxc4 28. Nxc4
Bxc3 29. Qxc3+ Rg7 30. Rg1 Qd7 31. Ne5 Qd5 32. Nxg6+ hxg6 33. Kg2 g5 34. Qd3 Qe5
35. Qc3 Qd5 36. Qd3 Qe5 37. Qc3 Qd5 1/2-1/2

[Event "Vugar Gashimov Mem B 2014"]
[Site "Shamkir AZE"]
[Date "2014.04.20"]
[Round "1.4"]
[White "Safarli, Eltaj"]
[Black "Guseinov, Gadir"]
[Result "1/2-1/2"]
[WhiteTitle "GM"]
[BlackTitle "GM"]
[WhiteElo "2656"]
[BlackElo "2621"]
[WhiteFideId "13402129"]
[BlackFideId "13401378"]
[EventDate "2014.03.20"]

1. e4 c5 2. Nf3 Nc6 3. d4 cxd4 4. Nxd4 g6 5. c4 Nf6 6. Nc3 Nxd4 7. Qxd4 d6 8.
Be2 Bg7 9. Be3 O-O 10. Qd2 Qa5 11. f3 Be6 12. Rc1 Rfc8 13. b3 a6 14. Na4 Qxd2+
15. Kxd2 Nd7 16. g4 f5 17. exf5 gxf5 18. h3 Rf8 19. f4 Rad8 20. Nc3 d5 21. cxd5
Nf6 22. Bb6 Nxd5 23. Bxd8 Rxd8 24. Nxd5 Bxd5 25. Rh2 Bxb3+ 26. Ke1 Bxa2 27. Bxa6
bxa6 28. Rxa2 Rd4 29. gxf5 Rxf4 30. Ke2 Rxf5 31. Rxa6 Bf6 32. Rf1 Re5+ 33. Kf3
Kf7 34. Ra4 Rf5+ 35. Kg2 Rg5+ 36. Rg4 Ra5 37. Rf2 Rb5 38. Rh4 Kg7 39. Rg4+ Kf7
40. Rh4 Kg7 41. Rg4+ 1/2-1/2

[Event "Vugar Gashimov Mem B 2014"]
[Site "Shamkir AZE"]
[Date "2014.04.21"]
[Round "2.2"]
[White "Wojtaszek, Radoslaw"]
[Black "Eljanov, Pavel"]
[Result "0-1"]
[WhiteTitle "GM"]
[BlackTitle "GM"]
[WhiteElo "2716"]
[BlackElo "2732"]
[WhiteFideId "1118358"]
[BlackFideId "14102951"]
[EventDate "2014.03.20"]

1. d4 d5 2. c4 c6 3. Nf3 Nf6 4. Nc3 a6 5. c5 Bf5 6. Qb3 Ra7 7. Bf4 Nbd7 8. h3 e6
9. e3 Be7 10. Be2 O-O 11. O-O Re8 12. Na4 Ne4 13. Rac1 Bf6 14. Nb6 e5 15. Nxd7
exf4 16. Nxf6+ Nxf6 17. Ne5 fxe3 18. Qxe3 Nd7 19. Qf4 Nxe5 20. Qxf5 Ng6 21. Bh5
Re4 22. Rfe1 Rxd4 23. Bxg6 hxg6 24. Qe5 Ra4 25. Qe8+ Qxe8 26. Rxe8+ Kh7 27. a3
Rf4 28. g3 Rf6 29. a4 a5 30. Rb8 Re6 31. h4 g5 32. hxg5 Kg6 33. Kg2 Re4 34. b3
Kxg5 35. Rc3 f6 36. Rf3 Re7 37. Re3 Rd7 38. Kf3 d4 39. Rd3 Rd5 40. Rc8 Rxc5 41.
Rxd4 b5 42. Kg2 b4 43. Rd6 Kf5 44. Rdxc6 Rxc6 45. Rxc6 Ke4 46. Rc4+ Kd3 47. f4
Re7 48. Rc5 Re3 49. Kh3 Kd4 50. Rxa5 Re7 51. Rb5 Kc3 52. a5 Ra7 53. f5 Kxb3 54.
a6 Rxa6 55. Rb7 Ka3 56. Rxg7 b3 57. Rb7 b2 58. g4 Ra4 0-1

[Event "Vugar Gashimov Mem B 2014"]
[Site "Shamkir AZE"]
[Date "2014.04.21"]
[Round "2.4"]
[White "Abasov, Nijat"]
[Black "Safarli, Eltaj"]
[Result "1/2-1/2"]
[WhiteTitle "GM"]
[BlackTitle "GM"]
[WhiteElo "2516"]
[BlackElo "2656"]
[WhiteFideId "13402960"]
[BlackFideId "13402129"]
[EventDate "2014.03.20"]

1. d4 Nf6 2. c4 e6 3. Nf3 d5 4. g3 dxc4 5. Bg2 c5 6. Qa4+ Bd7 7. Qxc4 Nc6 8. O-O
cxd4 9. Nxd4 Rc8 10. Nc3 Nxd4 11. Qxd4 Bc5 12. Qh4 O-O 13. Bg5 h6 14. Bxf6 Qxf6
15. Qxf6 gxf6 16. Bxb7 Rb8 17. Bf3 Rxb2 18. Rfd1 Be8 19. Ne4 Be7 20. Nd6 Bxd6
21. Rxd6 Bb5 22. Kf1 Rb8 23. a4 Bc4 24. Rc6 Rb1+ 25. Rxb1 Rxb1+ 26. Kg2 Rb4 27.
a5 Ra4 28. Rc5 a6 29. Bc6 Rb4 30. e3 Be2 31. Bf3 Bc4 32. Bc6 Be2 33. Bf3 Bc4 1/2-1/2

[Event "Vugar Gashimov Mem B 2014"]
[Site "Shamkir AZE"]
[Date "2014.04.21"]
[Round "2.5"]
[White "Durarbayli, Vasif"]
[Black "Bacrot, Etienne"]
[Result "0-1"]
[WhiteTitle "GM"]
[BlackTitle "GM"]
[WhiteElo "2584"]
[BlackElo "2722"]
[WhiteFideId "13402935"]
[BlackFideId "605506"]
[EventDate "2014.03.20"]

1. e4 e5 2. Nf3 Nc6 3. Bb5 Nf6 4. d3 Bc5 5. c3 O-O 6. O-O d6 7. Nbd2 Ne7 8. d4
exd4 9. cxd4 Bb6 10. Bd3 Bg4 11. h3 Bh5 12. Qb3 d5 13. e5 Nd7 14. Qc2 h6 15. b4
a5 16. bxa5 Rxa5 17. Bb2 Bxf3 18. Nxf3 c5 19. Bc3 Ra8 20. e6 fxe6 21. Qe2 Rf7
22. Qxe6 Nf8 23. Qe2 c4 24. Bc2 Nc6 25. a4 Qe7 26. Qd1 Ne6 27. Rb1 Ba7 28. Bg6
Rf6 29. Bh5 Nf4 30. Ne5 Nxh5 31. Qxh5 Nxe5 32. dxe5 Rf4 33. e6 d4 34. Qd5 dxc3
35. Rxb7 Qc5 36. Qd7 Qd4 37. Rd1 Qxd7 38. exd7 Bxf2+ 39. Kh2 Rd4 0-1

[Event "Vugar Gashimov Mem B 2014"]
[Site "Shamkir AZE"]
[Date "2014.04.22"]
[Round "3.1"]
[White "Eljanov, Pavel"]
[Black "Durarbayli, Vasif"]
[Result "1/2-1/2"]
[WhiteTitle "GM"]
[BlackTitle "GM"]
[WhiteElo "2732"]
[BlackElo "2584"]
[WhiteFideId "14102951"]
[BlackFideId "13402935"]
[EventDate "2014.03.20"]

1. d4 Nf6 2. c4 g6 3. Nc3 d5 4. cxd5 Nxd5 5. e4 Nxc3 6. bxc3 Bg7 7. Bb5+ c6 8.
Ba4 O-O 9. Ne2 c5 10. O-O cxd4 11. cxd4 b6 12. Be3 Bb7 13. d5 Nd7 14. Rc1 Rc8
15. Qb3 Ne5 16. h3 Ba6 17. Rxc8 Qxc8 18. Rc1 Qb7 19. Bb5 Rc8 20. Rxc8+ Qxc8 21.
Nd4 Bb7 22. f4 a6 23. Bxa6 Bxa6 24. fxe5 Qc4 25. Qxc4 Bxc4 26. Nc6 Bxa2 27. Bxb6
Kf8 28. Kf2 Ke8 29. Ke3 Bh6+ 30. Kd4 Bc1 31. Ba5 Kd7 32. Bc3 Bb1 33. Na5 Ba2 34.
Nc6 Bb1 35. Nb4 Ba3 36. Nd3 Ke8 37. Ne1 Kd7 38. Nf3 Bc1 39. Bd2 Bb2+ 40. Ke3 h6
41. h4 e6 42. d6 Bc2 43. Kf4 Bd1 44. g4 Bxf3 45. Kxf3 g5 46. hxg5 hxg5 47. Bxg5
Bxe5 1/2-1/2

[Event "Vugar Gashimov Mem B 2014"]
[Site "Shamkir AZE"]
[Date "2014.04.22"]
[Round "3.3"]
[White "Safarli, Eltaj"]
[Black "Mamedov, Rauf"]
[Result "1/2-1/2"]
[WhiteTitle "GM"]
[BlackTitle "GM"]
[WhiteElo "2656"]
[BlackElo "2660"]
[WhiteFideId "13402129"]
[BlackFideId "13401653"]
[EventDate "2014.03.20"]

1. e4 c5 2. Nf3 Nc6 3. d4 cxd4 4. Nxd4 Nf6 5. Nc3 e5 6. Ndb5 d6 7. Bg5 a6 8. Na3
b5 9. Bxf6 gxf6 10. Nd5 f5 11. Bxb5 axb5 12. Nxb5 Ra4 13. b4 Qh4 14. O-O Rg8 15.
f4 Kd8 16. Nb6 Qh3 17. Rf2 Rxb4 18. Nxc8 fxe4 19. Ncxd6 e3 20. Re2 Nd4 21. Nxf7+
Ke7 22. Nxe5 Nxe2+ 23. Qxe2 Rxf4 24. Kh1 Qf5 25. Nf3 Kf6 26. Qxe3 Bc5 27. Qc3+
Kg6 28. Rf1 Kh6 29. Qd2 Kg7 30. Qc3+ Kh6 31. Qd2 Kg7 32. Qc3+ Kh6 33. Qd2 1/2-1/2

[Event "Vugar Gashimov Mem B 2014"]
[Site "Shamkir AZE"]
[Date "2014.04.22"]
[Round "3.5"]
[White "Bacrot, Etienne"]
[Black "Guseinov, Gadir"]
[Result "1-0"]
[WhiteTitle "GM"]
[BlackTitle "GM"]
[WhiteElo "2722"]
[BlackElo "2621"]
[WhiteFideId "605506"]
[BlackFideId "13401378"]
[EventDate "2014.03.20"]

1. d4 Nf6 2. c4 g6 3. Nc3 Bg7 4. e4 d6 5. Nf3 O-O 6. Be2 e5 7. O-O exd4 8. Nxd4
Re8 9. f3 Nc6 10. Be3 Nh5 11. Nc2 Be5 12. Nd5 Ne7 13. Bg5 f6 14. Be3 Nxd5 15.
Qxd5+ Be6 16. Qd2 f5 17. f4 Bg7 18. Bxh5 gxh5 19. Bd4 Qd7 20. Rf3 fxe4 21. Rg3
Re7 22. Ne3 Rf8 23. Rf1 h6 24. f5 Bxf5 25. Bxg7 Rxg7 26. Qf2 Rg5 27. Nxf5 Kh7
28. Rxg5 hxg5 29. h4 gxh4 30. Qf4 Qe6 31. Qg5 1-0

[Event "Vugar Gashimov Mem B 2014"]
[Site "Shamkir AZE"]
[Date "2014.04.23"]
[Round "4.1"]
[White "Durarbayli, Vasif"]
[Black "Guseinov, Gadir"]
[Result "0-1"]
[WhiteTitle "GM"]
[BlackTitle "GM"]
[WhiteElo "2584"]
[BlackElo "2621"]
[WhiteFideId "13402935"]
[BlackFideId "13401378"]
[EventDate "2014.03.20"]

1. d4 Nf6 2. c4 g6 3. g3 c6 4. Bg2 d5 5. Qa4 Nfd7 6. Qb3 dxc4 7. Qxc4 Bg7 8. Nf3
O-O 9. O-O e5 10. dxe5 Nxe5 11. Nxe5 Bxe5 12. Qc2 Qe7 13. Nd2 Be6 14. Nb3 Na6
15. Bd2 Rad8 16. Ba5 b6 17. Bc3 Nb4 18. Qe4 Bxc3 19. bxc3 Nd5 20. Nd4 Nxc3 21.
Nxc6 Qf6 22. Qc2 Rd6 23. Rfc1 Bg4 24. Qxc3 Rd1+ 25. Rxd1 Qxc3 26. Nxa7 Bxe2 27.
Rdc1 Qf6 28. Nc6 Re8 29. Nb4 Kg7 30. Nd5 Qd4 31. Rab1 Bc4 32. Nc3 Bd3 33. Rb3
Rc8 34. Bf3 Bc4 35. Rb4 Qd2 36. Rbb1 Ba6 37. Kg2 Rxc3 38. Rd1 Qg5 39. Rd5 0-1

[Event "Vugar Gashimov Mem B 2014"]
[Site "Shamkir AZE"]
[Date "2014.04.23"]
[Round "4.2"]
[White "Abasov, Nijat"]
[Black "Bacrot, Etienne"]
[Result "1/2-1/2"]
[WhiteTitle "GM"]
[BlackTitle "GM"]
[WhiteElo "2516"]
[BlackElo "2722"]
[WhiteFideId "13402960"]
[BlackFideId "605506"]
[EventDate "2014.03.20"]

1. e4 e5 2. Nf3 Nc6 3. Bb5 Nf6 4. O-O Nxe4 5. Re1 Nd6 6. Nxe5 Be7 7. Bf1 Nxe5 8.
Rxe5 O-O 9. d4 Bf6 10. Re1 Re8 11. Bf4 Rxe1 12. Qxe1 Ne8 13. Nc3 Bxd4 14. Nd5 d6
15. Bg5 f6 16. Qe4 fxg5 17. Bd3 Kf8 18. Qxd4 c6 19. Nc3 Qf6 20. Qe4 d5 21. Qxh7
Qh6 22. Re1 Bd7 23. f3 Nf6 24. Qxh6 gxh6 25. Kf2 Re8 26. Rxe8+ Kxe8 27. g4 Ke7
28. Ne2 c5 29. Ng3 Kd6 30. Bf5 Be8 31. Bc8 Kc7 32. Bf5 Kd6 33. Bc8 Kc7 34. Bf5 1/2-1/2

[Event "Vugar Gashimov Mem B 2014"]
[Site "Shamkir AZE"]
[Date "2014.04.23"]
[Round "4.4"]
[White "Wojtaszek, Radoslaw"]
[Black "Safarli, Eltaj"]
[Result "1-0"]
[WhiteTitle "GM"]
[BlackTitle "GM"]
[WhiteElo "2716"]
[BlackElo "2656"]
[WhiteFideId "1118358"]
[BlackFideId "13402129"]
[EventDate "2014.03.20"]

1. d4 Nf6 2. c4 g6 3. f3 d5 4. cxd5 Nxd5 5. e4 Nb6 6. Nc3 Bg7 7. Be3 O-O 8. Qd2
Nc6 9. O-O-O Qd6 10. Nb5 Qd7 11. f4 Rd8 12. Nf3 Qe6 13. Nc3 Nc4 14. Qe2 Nxe3 15.
Qxe3 Nb4 16. Kb1 c6 17. Be2 Nd5 18. Nxd5 cxd5 19. e5 Bd7 20. h4 h5 21. g4 hxg4
22. Ng5 Qb6 23. h5 f6 24. e6 fxg5 25. exd7 gxh5 26. f5 Rxd7 27. Rxh5 Kf8 28.
Qxg5 Bxd4 29. Qd2 Bg7 30. f6 exf6 31. Bxg4 Rd6 32. Rdh1 Kf7 33. Rh7 Rg8 34. Re1
Rdd8 35. Bh5+ Kf8 36. Qe2 1-0

[Event "Vugar Gashimov Mem B 2014"]
[Site "Shamkir AZE"]
[Date "2014.04.24"]
[Round "5.1"]
[White "Guseinov, Gadir"]
[Black "Abasov, Nijat"]
[Result "1-0"]
[WhiteTitle "GM"]
[BlackTitle "GM"]
[WhiteElo "2621"]
[BlackElo "2516"]
[WhiteFideId "13401378"]
[BlackFideId "13402960"]
[EventDate "2014.03.20"]

1. e4 e5 2. Nf3 Nc6 3. Bb5 a6 4. Bxc6 dxc6 5. O-O f6 6. d4 Bg4 7. c3 Bd6 8. Nbd2
Ne7 9. h3 Be6 10. dxe5 fxe5 11. Ng5 Bg8 12. Qh5+ Ng6 13. Ndf3 Qf6 14. Nh4 Bc4
15. Nxg6 Qxg6 16. Qxg6+ hxg6 17. Rd1 a5 18. b3 Bg8 19. Be3 b5 20. Rac1 a4 21. c4
c5 22. Nf3 Be6 23. Ng5 Bg8 24. Nf3 Be6 25. Nd2 axb3 26. axb3 Rb8 27. cxb5 Rxb5
28. Rc3 Kd7 29. Rdc1 Ra8 30. Bxc5 Bxc5 31. Rxc5 Rxc5 32. Rxc5 Ra1+ 33. Kh2 Ra2
34. Nc4 Rxf2 35. Rxe5 Rc2 36. Rg5 Bf7 37. h4 Ke7 38. Ne5 Kf6 39. Nd7+ Ke7 40.
Ne5 Kf6 41. Nxf7 Kxf7 42. Kg3 Rc3+ 43. Kf4 Rxb3 44. Rc5 Rb7 45. Rc6 Ra7 46. g3
Rb7 47. g4 Ra7 48. Rc5 Ke6 49. Kg5 Kd6 50. Rd5+ Ke6 51. Kxg6 c6 52. Rc5 Kd6 53.
Rc4 c5 54. h5 Re7 55. g5 Kc6 56. Rc1 Kd6 57. Kh7 Rc7 58. g6 Ke5 59. Re1 c4 60.
h6 gxh6+ 61. Kxh6 Kf6 62. e5+ Ke6 63. g7 Kd5 1-0

[Event "Vugar Gashimov Mem B 2014"]
[Site "Shamkir AZE"]
[Date "2014.04.24"]
[Round "5.2"]
[White "Safarli, Eltaj"]
[Black "Eljanov, Pavel"]
[Result "0-1"]
[WhiteTitle "GM"]
[BlackTitle "GM"]
[WhiteElo "2656"]
[BlackElo "2732"]
[WhiteFideId "13402129"]
[BlackFideId "14102951"]
[EventDate "2014.03.20"]

1. e4 e5 2. Nf3 Nc6 3. Bb5 a6 4. Ba4 Nf6 5. O-O Be7 6. d3 b5 7. Bb3 O-O 8. a4 b4
9. Nbd2 Bc5 10. Nc4 d6 11. h3 h6 12. c3 Rb8 13. a5 bxc3 14. bxc3 Be6 15. Be3
Bxe3 16. fxe3 Ne7 17. Qc2 Ng6 18. Rfb1 Qe7 19. Ba2 Rb5 20. Ncd2 Rfb8 21. Bxe6
Qxe6 22. c4 Rxb1+ 23. Rxb1 Qe8 24. Rxb8 Qxb8 25. Qb3 Qxb3 26. Nxb3 c5 27. Nfd2
Nf8 28. Nb1 Ne6 29. Nc3 Kf8 30. Nd5 Ng8 31. Kf2 Ne7 32. Ke2 Nc6 33. Kd2 g6 34.
Nb6 Ke8 35. Nc8 Kd7 36. Nb6+ Kd8 37. Nd5 h5 38. Nf6 Ke7 39. Nd5+ Kf8 40. Ke2
Ned8 41. Nc7 Ke7 42. d4 exd4 43. exd4 cxd4 44. Nxa6 Ne6 45. g3 Kf6 46. Kd3 Ke5
47. h4 f5 48. exf5 Kxf5 49. Ke2 Kg4 50. Kf2 Kh3 51. Kf3 d3 52. Nd2 Nxa5 53. Nb4
Nc5 54. Nd5 Nab3 55. Nxb3 Nxb3 56. Nf4+ Kh2 57. Nxd3 Nd2+ 58. Ke3 Nxc4+ 59. Kf2
Kh3 60. Nf4+ Kg4 61. Nxg6 Nd2 62. Ke3 Nf1+ 63. Ke4 Nxg3+ 64. Kd5 Nf5 65. Ke4 d5+
66. Kxd5 Nxh4 67. Ne5+ Kf4 68. Ke6 Nf3 69. Ng6+ Kg5 70. Kf7 Nd4 71. Kg7 Ne6+ 72.
Kf7 Nf4 73. Ne5 Kf5 74. Nf3 Kg4 75. Ne5+ Kg3 76. Kf6 h4 77. Kg5 h3 78. Ng4 Ne6+
79. Kh5 Nf4+ 80. Kg5 Ng6 81. Ne3 Kf2 82. Ng4+ Kf3 83. Nh2+ Kg2 84. Ng4 Ne5 85.
Ne3+ Kf2 0-1

[Event "Vugar Gashimov Mem B 2014"]
[Site "Shamkir AZE"]
[Date "2014.04.24"]
[Round "5.3"]
[White "Bacrot, Etienne"]
[Black "Mamedov, Rauf"]
[Result "1-0"]
[WhiteTitle "GM"]
[BlackTitle "GM"]
[WhiteElo "2722"]
[BlackElo "2660"]
[WhiteFideId "605506"]
[BlackFideId "13401653"]
[EventDate "2014.03.20"]

1. d4 f5 2. Nf3 Nf6 3. g3 g6 4. Bg2 Bg7 5. c4 O-O 6. O-O d6 7. Nc3 Nc6 8. d5 Na5
9. Qa4 c5 10. dxc6 Nxc6 11. Rd1 Qb6 12. Qc2 Ng4 13. e3 Nf6 14. Nd4 Bd7 15. b3
Kh8 16. Bb2 Rac8 17. Qe2 Rce8 18. Rac1 Ne5 19. Nd5 Nxd5 20. Bxd5 e6 21. Bg2 Nf7
22. c5 Qa5 23. Bxb7 e5 24. c6 exd4 25. cxd7 Rb8 26. Bc6 1-0

[Event "Vugar Gashimov Mem B 2014"]
[Site "Shamkir AZE"]
[Date "2014.04.26"]
[Round "6.1"]
[White "Durarbayli, Vasif"]
[Black "Abasov, Nijat"]
[Result "1/2-1/2"]
[WhiteTitle "GM"]
[BlackTitle "GM"]
[WhiteElo "2584"]
[BlackElo "2516"]
[WhiteFideId "13402935"]
[BlackFideId "13402960"]
[EventDate "2014.03.20"]

1. e4 e5 2. Nf3 Nc6 3. Be2 g6 4. d4 exd4 5. Nxd4 Bg7 6. Be3 Nge7 7. Nc3 O-O 8.
Qd2 d5 9. Nxc6 bxc6 10. O-O-O Be6 11. Bc5 f5 12. exd5 Nxd5 13. Nxd5 cxd5 14.
Rhe1 Re8 15. Bf3 c6 16. Bd4 Qc7 17. h4 Rab8 18. h5 Bxd4 19. Qxd4 Qg7 20. hxg6
hxg6 21. Re5 Bf7 22. Rde1 Rxe5 23. Rxe5 Qh6+ 24. Kd1 Qf8 25. Kc1 Qh6+ 26. Re3
Rb7 27. Qd2 Qh8 28. c3 Qf6 29. Re1 Re7 30. Rh1 g5 31. Bh5 f4 32. Bxf7+ Kxf7 33.
Qd3 Ke8 34. Kd2 Kd7 35. Qa6 Kd8 36. Kc1 Rd7 37. Re1 Re7 38. Rh1 Rd7 39. a3 d4
40. Qa5+ Kc8 41. Rh3 dxc3 42. Qxc3 Qd6 43. Rh8+ Kc7 44. Rh1 Kb6 45. Re1 Qc5 46.
Qxc5+ Kxc5 47. Kc2 Rd5 48. Re6 Kb6 49. Rg6 Kb7 50. Kc3 Kc7 51. f3 Kb6 52. Rg7
Ka6 53. b3 Kb6 54. Kc4 a5 55. Kc3 Ka6 56. Re7 Rc5+ 57. Kd3 Rd5+ 58. Ke4 1/2-1/2

[Event "Vugar Gashimov Mem B 2014"]
[Site "Shamkir AZE"]
[Date "2014.04.26"]
[Round "6.2"]
[White "Mamedov, Rauf"]
[Black "Guseinov, Gadir"]
[Result "1/2-1/2"]
[WhiteTitle "GM"]
[BlackTitle "GM"]
[WhiteElo "2660"]
[BlackElo "2621"]
[WhiteFideId "13401653"]
[BlackFideId "13401378"]
[EventDate "2014.03.20"]

1. e4 c5 2. Nf3 Nc6 3. Nc3 g6 4. d4 cxd4 5. Nxd4 Bg7 6. Be3 Nf6 7. Bc4 O-O 8.
Bb3 d6 9. f3 Bd7 10. Qd2 Nxd4 11. Bxd4 b5 12. h4 a5 13. h5 a4 14. Bxf6 exf6 15.
Bd5 b4 16. Ne2 f5 17. hxg6 hxg6 18. Bxa8 Qxa8 19. Qxd6 Bb5 20. Nf4 Rd8 21. Qb6
fxe4 22. Nxg6 exf3 23. Ne7+ Kf8 24. gxf3 Bxb2 25. Nf5 Re8+ 26. Kf2 Re2+ 27. Kg3
Qc6 28. Qxc6 Bxc6 29. Rad1 Be5+ 30. f4 Rg2+ 31. Kh3 Bc7 32. Ne3 Rg6 33. Rhf1 Bb6
34. Nd5 Bb5 35. Rfe1 Bd7+ 36. Kh2 Rh6+ 37. Kg2 Rg6+ 38. Kh2 Rh6+ 39. Kg3 Rg6+
40. Kh2 Rh6+ 1/2-1/2

[Event "Vugar Gashimov Mem B 2014"]
[Site "Shamkir AZE"]
[Date "2014.04.26"]
[Round "6.3"]
[White "Wojtaszek, Radoslaw"]
[Black "Bacrot, Etienne"]
[Result "1/2-1/2"]
[WhiteTitle "GM"]
[BlackTitle "GM"]
[WhiteElo "2716"]
[BlackElo "2722"]
[WhiteFideId "1118358"]
[BlackFideId "605506"]
[EventDate "2014.03.20"]

1. d4 Nf6 2. c4 g6 3. Nc3 Bg7 4. e4 d6 5. Nf3 O-O 6. Be2 e5 7. O-O Nc6 8. d5 Ne7
9. b4 Nh5 10. Re1 f5 11. Ng5 Nf6 12. Bf3 h6 13. Ne6 Bxe6 14. dxe6 c6 15. Bb2
fxe4 16. Nxe4 Nxe4 17. Rxe4 d5 18. cxd5 cxd5 19. Rxe5 Bxe5 20. Bxe5 Qb6 21. Bb2
Rad8 22. Qd2 Qxe6 23. Qd4 Nf5 24. Qh8+ Kf7 25. Qh7+ Ke8 26. Qxb7 Rf7 27. Qb5+
Kf8 28. Qd3 d4 29. b5 Kg7 30. a4 Rc7 31. h3 Qc4 32. Be4 Qxd3 33. Bxd3 Kf7 34. a5
Ng7 35. b6 axb6 36. axb6 Re7 37. Ra7 Rdd7 38. Ra4 Rd6 39. Rb4 Rb7 40. Bxd4 Ne6
41. Be4 Rxd4 42. Rxd4 Rxb6 43. Rd7+ Kf6 44. Bd5 Nf4 45. Rf7+ Ke5 46. Bf3 Nd3 47.
Be2 Nf4 48. Bf1 g5 49. g3 Ne6 50. Kg2 Nd4 51. Bd3 Rf6 52. Rd7 Rd6 53. Rh7 Rb6
54. Rf7 Rf6 55. Ra7 Rd6 56. Bc4 Rc6 57. Bf7 Rd6 58. Bh5 Kf6 59. Rh7 Kf5 60. Rf7+
Ke6 61. Rf8 Ke7 62. Rh8 Rf6 63. Re8+ Kd6 64. Rd8+ Ke5 65. Bg4 Nc6 66. Re8+ Kd6
67. Bf3 Ne5 68. Be4 Nd7 69. Bd3 Ne5 70. Bb5 Kd5 71. Ba4 Kd6 72. Bb3 Nc6 73. Re4
Ne5 74. h4 Rf8 75. Ra4 Ke7 76. Ra6 Nd3 77. Re6+ Kd7 78. Rxh6 Rxf2+ 79. Kh3 gxh4
80. Rxh4 Ke7 81. Rh7+ Kf6 82. Rf7+ Ke5 1/2-1/2

[Event "Vugar Gashimov Mem B 2014"]
[Site "Shamkir AZE"]
[Date "2014.04.27"]
[Round "7.1"]
[White "Safarli, Eltaj"]
[Black "Durarbayli, Vasif"]
[Result "1/2-1/2"]
[WhiteTitle "GM"]
[BlackTitle "GM"]
[WhiteElo "2656"]
[BlackElo "2584"]
[WhiteFideId "13402129"]
[BlackFideId "13402935"]
[EventDate "2014.03.20"]

1. e4 c5 2. Nf3 d6 3. Bb5+ Bd7 4. Bxd7+ Qxd7 5. c4 Nf6 6. Nc3 g6 7. d4 cxd4 8.
Nxd4 Bg7 9. h3 O-O 10. O-O Nc6 11. Be3 a6 12. a4 Rac8 13. b3 e6 14. Rc1 Rfd8 15.
Qd2 Na5 16. Rb1 Qc7 17. Bh6 Bh8 18. Bg5 Rd7 19. Kh1 Nc6 20. Nde2 Qa5 21. f4 Re8
22. Rbd1 Bg7 23. Rf3 h6 24. Bh4 Qb4 25. Rd3 Red8 26. Bxf6 Bxf6 27. e5 Be7 28.
Ng3 Nb8 29. Nd5 Qxd2 30. Nxe7+ Kf8 31. Nxg6+ fxg6 32. R3xd2 dxe5 33. Rxd7 Rxd7
34. Rf1 exf4 35. Rxf4+ Ke7 36. Rg4 g5 37. h4 Kf6 38. b4 Nc6 39. b5 Ne5 40. hxg5+
hxg5 41. Re4 Nd3 42. Kg1 Nc5 43. Re1 Rd4 44. bxa6 bxa6 45. Rc1 Ke5 46. a5 Rd3
47. Nf1 Ra3 48. Nh2 Rxa5 49. Nf3+ Kf4 50. Re1 Ra4 51. Nxg5 Kxg5 52. Re5+ Kf4 53.
Rxc5 e5 54. Rc8 e4 55. c5 Ra1+ 56. Kf2 Ra2+ 57. Kg1 Ke3 58. c6 Rc2 59. c7 Rc1+
60. Kh2 a5 61. g4 a4 62. Kg3 Rc5 63. Ra8 Rxc7 64. Rxa4 Kd3 65. Kf4 Rf7+ 66. Ke5
e3 67. Ra3+ 1/2-1/2

[Event "Vugar Gashimov Mem B 2014"]
[Site "Shamkir AZE"]
[Date "2014.04.27"]
[Round "7.3"]
[White "Bacrot, Etienne"]
[Black "Eljanov, Pavel"]
[Result "0-1"]
[WhiteTitle "GM"]
[BlackTitle "GM"]
[WhiteElo "2722"]
[BlackElo "2732"]
[WhiteFideId "605506"]
[BlackFideId "14102951"]
[EventDate "2014.03.20"]

1. d4 d5 2. c4 c6 3. Nf3 Nf6 4. Nc3 e6 5. Bg5 h6 6. Bxf6 Qxf6 7. e3 g6 8. Be2
Bg7 9. O-O O-O 10. e4 Nd7 11. cxd5 exd5 12. exd5 c5 13. Ne4 Qb6 14. dxc5 Nxc5
15. Nxc5 Qxc5 16. Rc1 Qb4 17. b3 Bf5 18. Bd3 Bd7 19. h3 Rac8 20. Qd2 Qd6 21. Be2
a6 22. Rfd1 Rfe8 23. Bf1 Bf5 24. g3 Rxc1 25. Qxc1 Rc8 26. Qf4 Qxf4 27. gxf4 Bf8
28. d6 Rd8 29. d7 Rxd7 30. Rxd7 Bxd7 31. Ne5 Be8 32. Bg2 b6 33. Bc6 Bxc6 34.
Nxc6 Bd6 35. f5 Kg7 36. fxg6 fxg6 37. Kg2 Kf6 38. Kf3 Kf5 39. a4 h5 40. b4 g5
41. Nd4+ Ke5 42. Nc2 Bc7 43. Ke3 Kd5 44. Kd3 Bd8 45. f3 Be7 46. Ne3+ Ke5 47.
Nc4+ Kf4 48. Nxb6 Kxf3 49. Nd5 Bd6 50. Nf6 Bxb4 51. Nxh5 Kg2 52. Ke4 Kxh3 53.
Kf5 Be7 54. Ke6 Bd8 55. Kd7 Ba5 56. Nf6 Be1 57. Kc8 a5 0-1

[Event "Vugar Gashimov Mem B 2014"]
[Site "Shamkir AZE"]
[Date "2014.04.27"]
[Round "7.4"]
[White "Guseinov, Gadir"]
[Black "Wojtaszek, Radoslaw"]
[Result "1/2-1/2"]
[WhiteTitle "GM"]
[BlackTitle "GM"]
[WhiteElo "2621"]
[BlackElo "2716"]
[WhiteFideId "13401378"]
[BlackFideId "1118358"]
[EventDate "2014.03.20"]

1. e4 c5 2. Nc3 d6 3. Nf3 Nf6 4. d4 cxd4 5. Nxd4 a6 6. a4 e5 7. Nf3 Be7 8. Bg5
Be6 9. Bxf6 Bxf6 10. Nd5 Nd7 11. Bc4 Rc8 12. Qe2 Nb6 13. Nxb6 Qxb6 14. Bxe6 fxe6
15. c3 O-O 16. O-O Qc6 17. Rfd1 Bd8 18. Ne1 Bb6 19. Nd3 Rf6 20. Kh1 Rcf8 21. Rf1
Qe8 22. f3 g5 23. g4 h5 24. h3 Kg7 25. Kg2 Rh6 26. Nf2 Rfh8 27. Rh1 Bxf2 28.
Qxf2 hxg4 29. hxg4 Rxh1 30. Rxh1 Rxh1 31. Kxh1 Qxa4 32. Qd2 Kf6 33. Qxd6 Qa1+
34. Kg2 Qxb2+ 35. Kg3 Qxc3 36. Qf8+ Kg6 37. Qg8+ Kf6 38. Qf8+ Kg6 39. Qg8+ Kf6
40. Qf8+ 1/2-1/2